| 000 | 00788cam a2200241 a 4500 | ||
|---|---|---|---|
| 001 | 000025726 | ||
| 005 | 20200930024012.0 | ||
| 008 | 760831s1976 ag 000 | spa d | ||
| 041 |
_aspa _hfre _2Código de idioma MARC |
||
| 082 |
_axxx _bR449t |
||
| 100 | 1 |
_aRevel, Jean-François, _920797 |
|
| 240 | 0 |
_aLa tentation totalitaire. _lEspañol |
|
| 245 | 1 | 3 |
_aLa tentación totalitaria / _cJean-François Revel ; traducción Aníbal Leal. |
| 260 |
_aBuenos Aires : _bEMECÉ, _c1976. |
||
| 300 |
_a314 p. ; _c22 cm. |
||
| 490 | 1 | _aGrandes Ensayistas | |
| 500 | _aIncluye referencia al pie de páginas | ||
| 534 |
_aTítulo original : _tLa tentation totalitaire. |
||
| 700 | 1 |
_aLeal, Aníbal , _etr. _94573 |
|
| 830 | 0 |
_aGrandes Ensayistas _98789 |
|
| 049 | _aBNGR | ||
| 999 |
_c25218 _d25218 |
||
| 040 | _aDO-SdBNP | ||